[Event "38th Nezhmetdinov Mem"]
[Site "Kazan RUS"]
[Date "2016.06.01"]
[Round "2.12"]
[White "Dzhangobegov, Vladimir"]
[Black "Maiorov, Nikita1"]
[Result "0-1"]
[WhiteTitle "FM"]
[BlackTitle "GM"]
[WhiteElo "2315"]
[BlackElo "2538"]
[WhiteFideId "4180984"]
[BlackFideId "13501720"]
[EventDate "2016.05.31"]

1. e4 g6 2. d4 Bg7 3. Nc3 d6 4. Be3 a6 5. Qd2 b5 6. Bd3 Bb7 7. a4 b4 8. Nd1 a5
9. Ne2 Nd7 10. f3 Ngf6 11. Nf2 O-O 12. Bh6 c5 13. c3 e6 14. h4 Re8 15. Bxg7 Kxg7
16. h5 Ng8 17. hxg6 hxg6 18. Bb5 Re7 19. dxc5 dxc5 20. O-O-O Qc7 21. Ng4 Ba6 22.
Qg5 Bxb5 23. axb5 bxc3 24. Nxc3 a4 25. Rxd7 Rxd7 26. Nf6 a3 27. Rh7+ Kf8 28.
Qxc5+ Re7 29. Qxc7 Rxc7 30. Rh8 Kg7 31. Rxg8+ Rxg8 32. Nxg8 a2 0-1

[Event "38th Nezhmetdinov Mem"]
[Site "Kazan RUS"]
[Date "2016.06.01"]
[Round "2.13"]
[White "Pogorelskikh, Sergey"]
[Black "Yudin, Sergei"]
[Result "0-1"]
[WhiteTitle "FM"]
[BlackTitle "GM"]
[WhiteElo "2281"]
[BlackElo "2530"]
[WhiteFideId "4187024"]
[BlackFideId "4159659"]
[EventDate "2016.05.31"]

1. e4 c5 2. Nf3 e6 3. d4 cxd4 4. Nxd4 Nf6 5. Nc3 Nc6 6. Ndb5 d6 7. Bf4 e5 8. Bg5
a6 9. Na3 b5 10. Nd5 Be7 11. Bxf6 Bxf6 12. c3 O-O 13. Nc2 Rb8 14. b4 Bg5 15. a4
Ne7 16. Nxe7+ Qxe7 17. axb5 axb5 18. Bd3 Qc7 19. Ra3 Bd7 20. O-O Ra8 21. Qa1 Bc6
22. Qb2 d5 23. exd5 Bxd5 24. Rfa1 Rad8 25. Bf1 Bc4 26. Ne3 Bxe3 27. fxe3 Bxf1
28. Rxf1 Rd3 29. Qa2 Rxc3 30. Ra8 g6 31. Rxf8+ Kxf8 32. Qa8+ Kg7 33. Qd5 Rxe3
34. Qxb5 Re4 35. h3 f5 36. Rb1 Qc2 37. Qf1 Rxb4 38. Rxb4 Qc5+ 39. Kh1 Qxb4 40.
Qa6 Qe7 41. Qa1 g5 42. Qc3 Kg6 43. Qc6+ Qf6 44. Qe8+ Kh6 45. g4 fxg4 46. hxg4
Qf3+ 47. Kh2 Qf2+ 0-1

[Event "38th Nezhmetdinov Mem"]
[Site "Kazan RUS"]
[Date "2016.06.01"]
[Round "2.14"]
[White "Shariyazdanov, Andrey"]
[Black "Nesterov, Arseniy"]
[Result "1/2-1/2"]
[WhiteTitle "GM"]
[WhiteElo "2527"]
[BlackElo "2273"]
[WhiteFideId "4122747"]
[BlackFideId "24198455"]
[EventDate "2016.05.31"]

1. Nf3 d5 2. e3 Nf6 3. b3 c6 4. Bb2 Bf5 5. d3 e6 6. Nbd2 h6 7. g3 Be7 8. Bg2 O-O
9. O-O a5 10. a4 Na6 11. Nd4 Bh7 12. f4 Nc5 13. N2f3 Nfd7 14. g4 Re8 15. Ne2 Bf6
16. Bxf6 Qxf6 17. Ng3 Qe7 18. Qe2 Na6 19. Rf2 Nb4 20. Raf1 b5 21. g5 bxa4 22.
bxa4 e5 23. Nxe5 Nxe5 24. fxe5 Qxg5 25. Rxf7 Rxe5 26. R7f4 Qe7 27. e4 dxe4 28.
Nxe4 Bxe4 29. Rxe4 Re8 30. Qf2 Rxe4 31. Bxe4 Qe6 32. Qf5 Qxf5 33. Rxf5 Nxc2 34.
Rxa5 Nd4 35. Ra7 Rb8 36. a5 Rb5 37. a6 Ra5 38. Rd7 Ne2+ 39. Kf2 Ra2 40. a7 Nc3+
41. Ke3 Nxe4 42. dxe4 Kh7 43. e5 Ra3+ 44. Kf4 Ra4+ 45. Kf5 Ra5 46. Ke6 c5 47.
Kd5 Kg6 48. e6 Ra2 49. e7 Kf7 50. Rd8 Kxe7 51. a8=Q Rd2+ 52. Ke5 Rxd8 53. Qf3 c4
54. Qf5 Re8 55. Qf3 c3 56. Qxc3 Kf7+ 57. Kf5 Kg8 58. Kg6 Re6+ 59. Kh5 Rf6 60.
Qc8+ Kh7 1/2-1/2

[Event "38th Nezhmetdinov Mem"]
[Site "Kazan RUS"]
[Date "2016.06.01"]
[Round "2.15"]
[White "Zhitnikov, Konstantin"]
[Black "Gabrielian, Artur"]
[Result "1/2-1/2"]
[BlackTitle "GM"]
[WhiteElo "2274"]
[BlackElo "2520"]
[WhiteFideId "34152846"]
[BlackFideId "4131002"]
[EventDate "2016.05.31"]

1. e4 c5 2. c3 Nf6 3. e5 Nd5 4. d4 cxd4 5. Nf3 e6 6. cxd4 d6 7. Bc4 Nc6 8. O-O
Be7 9. Qe2 O-O 10. Qe4 Re8 11. Bd3 f5 12. exf6 Nxf6 13. Qe2 Nb4 14. Bc4 Nbd5 15.
Bg5 Nh5 16. Bxe7 Qxe7 17. Bxd5 Nf4 18. Qd2 Nxd5 19. Nc3 Nxc3 20. Qxc3 Bd7 21. d5
e5 22. Qb4 b6 23. Nd2 Bf5 24. f3 Rac8 25. Ne4 Bxe4 26. fxe4 Qg5 27. Rf2 Rc1+ 28.
Rxc1 Qxc1+ 29. Rf1 Qe3+ 30. Kh1 Qc5 31. Qa4 b5 32. Qa6 Rb8 33. h3 h6 34. b4 Qc7
35. Rf3 Kh7 36. Kh2 Kg8 37. Kh1 Qc1+ 38. Kh2 Qc7 39. Kh1 Kh7 40. Kh2 1/2-1/2

[Event "38th Nezhmetdinov Mem"]
[Site "Kazan RUS"]
[Date "2016.06.01"]
[Round "2.16"]
[White "Hasangatin, Ramil"]
[Black "Obodenko, Amir"]
[Result "1-0"]
[WhiteTitle "GM"]
[WhiteElo "2512"]
[BlackElo "2263"]
[WhiteFideId "4122160"]
[BlackFideId "34101176"]
[EventDate "2016.05.31"]

1. Nf3 d5 2. g3 c6 3. Bg2 Bg4 4. d3 Nd7 5. Nbd2 e5 6. e4 dxe4 7. dxe4 Ngf6 8. h3
Bh5 9. O-O Be7 10. Qe1 O-O 11. Nc4 Qc7 12. Bd2 Rfe8 13. a4 Bg6 14. Nh4 Nc5 15.
Nxg6 hxg6 16. Bc3 Nfd7 17. h4 Nxa4 18. Rxa4 b5 19. Ra5 bxc4 20. Qe2 Bc5 21. Rfa1
Bb6 22. R5a2 Rad8 23. Qxc4 Nc5 24. Be1 Rd6 25. b4 Ne6 26. c3 Red8 27. Bh3 Qe7
28. Kg2 Qf6 29. Bg4 Nc7 30. Qe2 Nb5 31. Qf1 Nc7 32. c4 c5 33. bxc5 Bxc5 34. Ra5
Rc6 35. Qe2 Ne6 36. Bxe6 Qxe6 37. Bc3 f6 1-0

[Event "38th Nezhmetdinov Mem"]
[Site "Kazan RUS"]
[Date "2016.06.01"]
[Round "2.17"]
[White "Davydov, Sergey P."]
[Black "Iljiushenok, Ilia"]
[Result "0-1"]
[WhiteTitle "FM"]
[BlackTitle "IM"]
[WhiteElo "2266"]
[BlackElo "2499"]
[WhiteFideId "4123182"]
[BlackFideId "24105074"]
[EventDate "2016.05.31"]

1. Nf3 Nf6 2. g3 g6 3. Bg2 Bg7 4. O-O O-O 5. d3 d5 6. Nbd2 c5 7. e4 Nc6 8. c3 e5
9. Re1 h6 10. a3 a5 11. exd5 Nxd5 12. Nc4 Re8 13. a4 Bf5 14. Nh4 Be6 15. Nf3 Qc7
16. Qe2 Rad8 17. Nfd2 f5 18. Nf1 Bf7 19. Be3 b6 20. Rad1 Rd7 21. Bc1 Red8 22. h4
Nde7 23. Nfe3 Bf6 24. Rd2 Kg7 25. Red1 h5 26. b3 Re8 27. Bb2 Rdd8 28. Nf1 Qb8
29. Ba1 b5 30. axb5 Qxb5 31. Rb1 Bd5 32. Nfe3 Bxg2 33. Kxg2 Rd7 34. Kg1 Red8 35.
Na3 Qb7 36. Nec4 Nd5 37. Qf3 Nde7 38. Rdd1 Qa6 39. Nc2 Qb5 40. N2e3 Qa6 41. Bb2
Nd5 42. Nxd5 Rxd5 43. Ba3 Kh7 44. Qe2 Bg7 45. Qf3 a4 46. bxa4 e4 47. Qf4 Rxd3
48. Rxd3 exd3 49. a5 Nxa5 50. Nd2 Qc6 51. Re1 Rd7 52. Bc1 Qd6 53. Qa4 Bxc3 0-1

[Event "38th Nezhmetdinov Mem"]
[Site "Kazan RUS"]
[Date "2016.06.01"]
[Round "2.18"]
[White "Kharchenko, Boris"]
[Black "Bilan, Danila"]
[Result "1-0"]
[WhiteTitle "GM"]
[WhiteElo "2467"]
[BlackElo "2244"]
[WhiteFideId "14113210"]
[BlackFideId "24161918"]
[EventDate "2016.05.31"]

1. e4 c5 2. c3 Nf6 3. e5 Nd5 4. Nf3 e6 5. Bc4 Nb6 6. Bb3 d6 7. exd6 Bxd6 8. O-O
O-O 9. Re1 Nc6 10. d4 cxd4 11. cxd4 Nb4 12. Nc3 Bd7 13. Ne5 N4d5 14. Qg4 Nf6 15.
Qf3 Bxe5 16. dxe5 Bc6 17. Qg3 Nh5 18. Qg4 g6 19. Bg5 Qd3 20. Rad1 Qf5 21. Qh4
Kg7 22. Re2 h6 23. Bc1 1-0

[Event "38th Nezhmetdinov Mem"]
[Site "Kazan RUS"]
[Date "2016.06.01"]
[Round "2.19"]
[White "Dmitriev, Igor"]
[Black "Moskalenko, Alexander"]
[Result "0-1"]
[WhiteTitle "IM"]
[BlackTitle "IM"]
[WhiteElo "2259"]
[BlackElo "2464"]
[WhiteFideId "4114833"]
[BlackFideId "4155351"]
[EventDate "2016.05.31"]

1. d4 d5 2. Bg5 h6 3. Bh4 c5 4. Nc3 Nc6 5. e3 cxd4 6. exd4 a6 7. Be2 Nf6 8. Bxf6
gxf6 9. Bf3 e6 10. Nge2 f5 11. Qd3 Bd6 12. h3 Nb4 13. Qd2 Qg5 14. Nd1 Bd7 15. a3
Nc6 16. g4 f4 17. Ndc3 Ne7 18. O-O-O Ng6 19. Rde1 Nh4 20. Ng1 O-O-O 21. Bd1 Kb8
22. Nf3 Nxf3 23. Bxf3 Rhe8 24. Kb1 Rc8 25. Ne2 Ba4 26. Rc1 Rc7 27. Ng1 f6 28.
Bd1 f3 29. Qa5 Bb5 30. Nxf3 Qf4 31. Re1 e5 32. Re3 e4 33. Qe1 Rec8 34. Nh4 Qg5
35. Nf5 Bf4 36. c3 h5 37. Ka1 hxg4 38. hxg4 Bd7 39. Bb3 Bxf5 40. gxf5 Qxf5 41.
Rc2 Rg7 42. Ka2 Bxe3 43. fxe3 Rg5 44. Rf2 Qe6 45. Qf1 Rc6 0-1

[Event "38th Nezhmetdinov Mem"]
[Site "Kazan RUS"]
[Date "2016.06.01"]
[Round "2.20"]
[White "Harutyunian, Tigran K."]
[Black "Imashev, Ildar"]
[Result "1-0"]
[WhiteTitle "IM"]
[WhiteElo "2452"]
[BlackElo "2225"]
[WhiteFideId "13303635"]
[BlackFideId "4166337"]
[EventDate "2016.05.31"]

1. Nf3 f5 2. d3 Nf6 3. Nc3 d6 4. e4 Nc6 5. exf5 Bxf5 6. d4 Nb4 7. Bb5+ c6 8. Ba4
d5 9. Qe2 a5 10. a3 Na6 11. O-O g6 12. Ne5 Nc7 13. Re1 Bd7 14. Bf4 Bg7 15. Bg3
Rc8 16. Bb3 b5 17. a4 b4 18. Na2 O-O 19. Nc1 Be8 20. Ncd3 Ne4 21. Qxe4 1-0

[Event "38th Nezhmetdinov Mem"]
[Site "Kazan RUS"]
[Date "2016.06.01"]
[Round "2.21"]
[White "Korovin, Mikhail"]
[Black "Baghdasaryan, Vahe"]
[Result "1-0"]
[BlackTitle "IM"]
[WhiteElo "2240"]
[BlackElo "2441"]
[WhiteFideId "24178560"]
[BlackFideId "13303139"]
[EventDate "2016.05.31"]

1. d4 d5 2. Nf3 Nc6 3. c4 Bg4 4. cxd5 Bxf3 5. gxf3 Qxd5 6. e3 e5 7. Nc3 Bb4 8.
Bd2 Bxc3 9. bxc3 exd4 10. cxd4 Nge7 11. Bg2 Ng6 12. Qb3 Qd6 13. h4 O-O 14. h5
Nge7 15. f4 a5 16. Rc1 Ra6 17. h6 gxh6 18. Rg1 Kh8 19. d5 Nb4 20. e4 Rb6 21. Qc4
Ng6 22. a3 Na6 23. Bxa5 Nxf4 24. Qd4+ f6 25. Bxb6 cxb6 26. Rc3 Nc5 27. Bh3 h5
28. Bf5 h4 29. Kf1 Ra8 30. Rf3 Nh5 31. Qd2 Ng7 32. Qh6 Nxf5 33. Rxf5 Qe7 34. e5
fxe5 35. d6 1-0

[Event "38th Nezhmetdinov Mem"]
[Site "Kazan RUS"]
[Date "2016.06.01"]
[Round "2.22"]
[White "Tsydypov, Zhamsaran"]
[Black "Drogovoz, Irina"]
[Result "1-0"]
[WhiteTitle "IM"]
[BlackTitle "WIM"]
[WhiteElo "2438"]
[BlackElo "2205"]
[WhiteFideId "4108566"]
[BlackFideId "4176715"]
[EventDate "2016.05.31"]

1. e4 c5 2. Nf3 d6 3. Be2 Nf6 4. Nc3 e5 5. h3 Nc6 6. Bb5 a6 7. Bxc6+ bxc6 8. d3
Qc7 9. O-O Be7 10. b3 O-O 11. Bb2 Be6 12. Ne2 Nd7 13. Ng3 f5 14. exf5 Bxf5 15.
Re1 Rae8 16. Nxf5 Rxf5 17. Qe2 Nf8 18. b4 Qb6 19. a3 Ne6 20. Bc1 Ref8 21. c3 Nf4
22. Qa2+ Kh8 23. Bxf4 Rxf4 24. Qe6 R4f7 25. Rab1 Qa7 26. bxc5 Rf6 27. Qb3 Qxc5
28. d4 Qa5 29. dxe5 dxe5 30. Rxe5 Qxa3 31. Qxa3 Bxa3 32. Ra5 Bd6 33. Rxa6 Bc5
34. Ra5 Bd6 35. Rb7 h6 36. Kf1 Rd8 37. Raa7 1-0

[Event "38th Nezhmetdinov Mem"]
[Site "Kazan RUS"]
[Date "2016.06.01"]
[Round "2.23"]
[White "Baraeva, Marina"]
[Black "Korchmar, Vasiliy"]
[Result "0-1"]
[WhiteTitle "WIM"]
[BlackTitle "IM"]
[WhiteElo "2208"]
[BlackElo "2437"]
[WhiteFideId "24142573"]
[BlackFideId "24131750"]
[EventDate "2016.05.31"]

1. d4 Nf6 2. c4 e6 3. Nc3 Bb4 4. Qc2 b6 5. Bg5 Bb7 6. Nf3 h6 7. Bxf6 Qxf6 8. a3
Bxc3+ 9. Qxc3 c5 10. e3 Bxf3 11. gxf3 Nc6 12. d5 Qxc3+ 13. bxc3 Na5 14. Rb1 O-O
15. Kd2 Rae8 16. Bd3 e5 17. e4 Kh7 18. h4 g6 19. Rbg1 Rg8 20. Rg3 f6 21. Bf1 Re7
22. Rhg1 Reg7 23. Bd3 g5 24. h5 Rf8 25. Ke3 Kg8 26. Rg4 Kf7 27. Ke2 Rgg8 28.
R4g2 Ke7 29. Rh2 Kd6 30. Ke3 Kc7 31. Bf1 f5 32. Bd3 fxe4 33. fxe4 Rf4 34. Be2
Rgf8 35. Ra1 Nb7 36. Rg2 Nd6 37. f3 Rh4 38. a4 Nb7 39. Kd2 Rff4 40. Rag1 Rxh5
41. Rf1 Rh3 42. Ra1 Na5 43. Rag1 Rfh4 44. Ke3 Rf4 45. Kd2 Kd6 46. Rf1 Ke7 47.
Rfg1 Kf6 48. Ke3 Kg6 49. Kd2 0-1

[Event "38th Nezhmetdinov Mem"]
[Site "Kazan RUS"]
[Date "2016.06.01"]
[Round "2.24"]
[White "Sharafiev, Azat"]
[Black "Fedotov, Nikita2"]
[Result "1-0"]
[WhiteTitle "IM"]
[WhiteElo "2435"]
[BlackElo "2192"]
[WhiteFideId "4186214"]
[BlackFideId "24161446"]
[EventDate "2016.05.31"]

1. e4 c5 2. Ne2 e6 3. g3 Nc6 4. Bg2 g6 5. d4 cxd4 6. Nxd4 a6 7. O-O Bg7 8. Be3
Nge7 9. c4 Qc7 10. Nc3 O-O 11. Re1 Nxd4 12. Bxd4 Bxd4 13. Qxd4 Nc6 14. Qd2 d6
15. Rad1 Rd8 16. b3 Rb8 17. Kh1 Qe7 18. f4 Qe8 19. Qb2 b5 20. e5 dxe5 21. Rxd8
Nxd8 22. Ne4 Qe7 23. Qxe5 Rb6 24. Nf6+ Kf8 25. Nxh7+ Kg8 26. Nf6+ Kf8 27. Nd5 f6
28. Nxe7 1-0

[Event "38th Nezhmetdinov Mem"]
[Site "Kazan RUS"]
[Date "2016.06.01"]
[Round "2.25"]
[White "Kalinin, Nikita"]
[Black "Khegay, Dmitriy"]
[Result "0-1"]
[BlackTitle "FM"]
[WhiteElo "2194"]
[BlackElo "2434"]
[WhiteFideId "24155390"]
[BlackFideId "24153729"]
[EventDate "2016.05.31"]

1. e4 d6 2. d4 Nf6 3. Nc3 c6 4. Be3 Nbd7 5. Qd2 e5 6. O-O-O Be7 7. h3 b5 8. dxe5
dxe5 9. f3 Qa5 10. Kb1 Qc7 11. g4 Nb6 12. Qf2 Be6 13. Nge2 Nc4 14. Nc1 Nxe3 15.
Qxe3 a5 16. N3e2 a4 17. Ng3 g6 18. h4 h5 19. g5 Nd7 20. Bh3 Bxh3 21. Rxh3 Nb6
22. Qe2 O-O 23. Nxh5 gxh5 24. f4 exf4 25. Nd3 Kg7 26. Qxh5 Rh8 27. Qf3 Rad8 28.
Rf1 Nc4 29. Qxf4 Qxf4 30. Rxf4 Bd6 31. Rf2 Rhe8 32. h5 Rxe4 33. h6+ Kh8 34. Rxf7
Rg4 35. Rh1 Rxg5 36. b3 axb3 37. axb3 Ne5 0-1

[Event "38th Nezhmetdinov Mem"]
[Site "Kazan RUS"]
[Date "2016.06.01"]
[Round "2.26"]
[White "Vignesh, N R"]
[Black "Mamontova, Anastasia"]
[Result "1-0"]
[WhiteTitle "IM"]
[WhiteElo "2432"]
[BlackElo "2065"]
[WhiteFideId "25012215"]
[BlackFideId "34100234"]
[EventDate "2016.05.31"]

1. d4 Nf6 2. c4 Nc6 3. Nf3 e6 4. a3 g6 5. g3 Bg7 6. Bg2 O-O 7. O-O d6 8. Nc3 Qe7
9. e4 a5 10. Re1 e5 11. Bg5 exd4 12. Nd5 Qd8 13. Qd2 Ne5 14. Nxd4 Nxc4 15. Qc2
Nb6 16. Nxc7 Rb8 17. Ndb5 h6 18. Be3 Nfd7 19. Rad1 d5 20. exd5 Qf6 21. Bd4 Qg5
22. h4 Qg4 23. Bxg7 Kxg7 24. Qc3+ Nf6 25. Qxa5 Nbd7 26. Qc3 Nb6 27. Rd4 Qd7 28.
Qa5 Na8 29. Nxa8 Rxa8 30. Qxa8 Qxb5 31. Qa4 Qxb2 32. Qb4 Qc2 33. Rc4 Qf5 34. Rf4
Qd7 35. Rxf6 1-0

[Event "38th Nezhmetdinov Mem"]
[Site "Kazan RUS"]
[Date "2016.06.01"]
[Round "2.27"]
[White "Akhtariev, Andrey"]
[Black "Faizrakhmanov, Ramil"]
[Result "0-1"]
[BlackTitle "FM"]
[WhiteElo "1927"]
[BlackElo "2422"]
[WhiteFideId "34112275"]
[BlackFideId "24103209"]
[EventDate "2016.05.31"]

1. e4 e5 2. Nf3 Nc6 3. Bb5 Nf6 4. d3 Bc5 5. O-O Nd4 6. Nxd4 Bxd4 7. c3 Bb6 8.
Bg5 h6 9. Be3 c6 10. Ba4 Bxe3 11. fxe3 O-O 12. Nd2 Qb6 13. Nc4 Qc5 14. b4 Qe7
15. Nd2 d5 16. h3 a5 17. a3 dxe4 18. dxe4 Rd8 19. Qc2 Be6 20. Rfd1 c5 21. Rab1
axb4 22. axb4 c4 23. Nf3 Qc7 24. Ra1 Rxd1+ 25. Qxd1 Nxe4 26. Bc2 Rd8 27. Qe1 Nf6
28. e4 Nh5 29. Qe3 Nf4 30. Ra5 f6 31. Rc5 Qb6 32. Kh2 Qa7 33. Qf2 Kh7 34. h4 Bg4
35. Ne1 Ne6 36. Kg3 h5 37. Rxc4 Qa6 38. Bb3 Qa3 39. Bc2 Qa6 40. Bb3 b5 41. Rc5
Nxc5 42. Qxc5 Qa1 43. Qe3 Rc8 0-1

[Event "38th Nezhmetdinov Mem"]
[Site "Kazan RUS"]
[Date "2016.06.01"]
[Round "2.28"]
[White "Mohammad, Nubairshah Shaikh"]
[Black "Karamov, Stepan"]
[Result "1-0"]
[WhiteElo "2413"]
[BlackElo "1785"]
[WhiteFideId "5053196"]
[BlackFideId "24198145"]
[EventDate "2016.05.31"]

1. c4 e6 2. Nc3 d5 3. d4 c6 4. Nf3 dxc4 5. a4 Bb4 6. e3 b5 7. Bd2 a5 8. axb5
Bxc3 9. Bxc3 cxb5 10. b3 Bb7 11. d5 Nf6 12. bxc4 b4 13. Bxf6 Qxf6 14. Qa4+ Nd7
15. Nd4 Qe7 16. Qb5 Rb8 17. Rxa5 Bxd5 18. Qa4 Bb7 19. c5 O-O 20. c6 Nb6 21. Qc2
Ra8 22. Rxa8 Bxa8 23. Bd3 g6 24. O-O Nd5 25. Qc4 Rc8 26. Qa6 Qc7 27. Rc1 Nc3 28.
Bb5 Nxb5 29. Nxb5 Qd8 30. c7 Qd7 31. Nd6 1-0

[Event "38th Nezhmetdinov Mem"]
[Site "Kazan RUS"]
[Date "2016.06.01"]
[Round "2.30"]
[White "Kurninov, Andrei"]
[Black "Yagupov, Igor"]
[Result "0-1"]
[BlackTitle "GM"]
[WhiteElo "1772"]
[BlackElo "2400"]
[WhiteFideId "4178963"]
[BlackFideId "4113632"]
[EventDate "2016.05.31"]

1. e4 c5 2. Nf3 Nc6 3. d4 cxd4 4. Nxd4 Nf6 5. Nc3 e5 6. Nb3 Bb4 7. Bc4 Nxe4 8.
Bxf7+ Kxf7 9. Qd5+ Ke8 10. Qxe4 d5 11. Qe2 Be6 12. Bd2 Rc8 13. O-O Qd7 14. Rad1
Bd6 15. Bg5 h6 16. Bh4 g5 17. Bg3 Kf7 18. Rfe1 a6 19. f3 Ke7 20. Na4 0-1

[Event "38th Nezhmetdinov Mem"]
[Site "Kazan RUS"]
[Date "2016.06.01"]
[Round "2.33"]
[White "Gismatullin, Sayar"]
[Black "Nikitenko, Mihail"]
[Result "0-1"]
[WhiteElo "1875"]
[BlackElo "2374"]
[WhiteFideId "34110930"]
[BlackFideId "13506862"]
[EventDate "2016.05.31"]

1. e4 c5 2. Nf3 d6 3. d4 cxd4 4. Nxd4 Nf6 5. Nc3 a6 6. Be2 e5 7. Nb3 Be7 8. O-O
O-O 9. Be3 Be6 10. Kh1 Nbd7 11. f4 exf4 12. Bxf4 Ne5 13. Nd4 Rc8 14. Bd3 Qb6 15.
Nb3 Qc7 16. Rc1 b5 17. Nd5 Nxd5 18. exd5 Bg4 19. Qe1 Nxd3 20. cxd3 Qd7 21. Qg3
Bh5 22. Nd4 Rxc1 23. Rxc1 Bf6 24. Bxd6 Re8 25. Nc6 h6 26. Rf1 Bg6 27. h3 Re2 28.
Qf3 Rd2 29. Qf4 Bg5 30. Qe5 Bxd3 31. Nb8 Qc8 32. Re1 Bc4 33. Qe8+ Qxe8 34. Rxe8+
Kh7 35. Nd7 h5 36. Nb6 Bxa2 37. b4 Bxd5 38. Nxd5 Rxd5 39. Bg3 Rd1+ 40. Kh2 h4
41. Bc7 Rd4 42. Ra8 Rxb4 43. Rxa6 Bf4+ 44. Bxf4 Rxf4 45. Rb6 b4 46. g3 hxg3+ 47.
Kxg3 g5 48. Kg2 f6 49. Kg3 Kg6 50. Rb5 Kf7 51. Rb6 Ke7 52. Kg2 Kd7 53. Kg3 Kc7 0-1

[Event "38th Nezhmetdinov Mem"]
[Site "Kazan RUS"]
[Date "2016.06.01"]
[Round "2.34"]
[White "Pogorelskikh, Sofia"]
[Black "Severina, Maria"]
[Result "0-1"]
[BlackTitle "WIM"]
[WhiteElo "1744"]
[BlackElo "2330"]
[WhiteFideId "44164548"]
[BlackFideId "4116909"]
[EventDate "2016.05.31"]

1. e4 e5 2. Nf3 Nc6 3. Bb5 a6 4. Ba4 g6 5. c3 d6 6. d4 Bd7 7. Bg5 f6 8. Be3 Bg7
9. O-O Nh6 10. h3 Nf7 11. d5 Ne7 12. Bxd7+ Qxd7 13. c4 f5 14. Nc3 f4 15. Bd2 g5
16. h4 gxh4 17. Nxh4 Bf6 18. Qh5 Rg8 19. Nf3 Rg6 20. Nh2 O-O-O 21. Qe2 h5 22. f3
Nh6 23. Kh1 Bh4 24. b4 Bg3 25. c5 dxc5 26. bxc5 h4 27. c6 Nxc6 28. dxc6 Qxd2 29.
cxb7+ Kxb7 30. Rab1+ Rb6 31. Qxd2 Rxd2 32. Nd5 h3 33. Rxb6+ cxb6 34. Rg1 Rxa2
35. Nf6 Bxh2 36. Kxh2 Rxg2+ 37. Rxg2 hxg2 38. Kxg2 a5 0-1

[Event "38th Nezhmetdinov Mem"]
[Site "Kazan RUS"]
[Date "2016.06.01"]
[Round "2.35"]
[White "Samusenko, Maksim"]
[Black "Filipenko, Alexander V"]
[Result "1-0"]
[WhiteTitle "FM"]
[BlackTitle "IM"]
[WhiteElo "2329"]
[BlackElo "2278"]
[WhiteFideId "4112253"]
[BlackFideId "4104471"]
[EventDate "2016.05.31"]

1. d4 d5 2. Nc3 Nf6 3. Bf4 c5 4. e3 cxd4 5. exd4 a6 6. Nf3 Bg4 7. h3 Bxf3 8.
Qxf3 Nc6 9. O-O-O e6 10. g4 g6 11. Qe3 Bg7 12. Be2 Rc8 13. Bh6 Bxh6 14. Qxh6 Ng8
15. Qe3 Nge7 16. h4 h5 17. Qf4 hxg4 18. Bxg4 Ng8 19. h5 g5 20. Qe3 Kf8 21. f4
gxf4 22. Qxf4 Qf6 23. Nxd5 Qh6 24. Kb1 Rd8 25. Rhf1 Rh7 26. Ne3 Qxf4 27. Rxf4 e5
28. dxe5 Rxd1+ 29. Bxd1 Nxe5 30. a4 a5 31. c3 Rh6 32. Rf5 f6 33. Ng4 Nxg4 34.
Bxg4 Ne7 35. Rc5 f5 36. Bxf5 1-0

[Event "38th Nezhmetdinov Mem"]
[Site "Kazan RUS"]
[Date "2016.06.01"]
[Round "2.36"]
[White "Nebolsina, Vera"]
[Black "Galiev, Irek"]
[Result "1-0"]
[WhiteTitle "WGM"]
[WhiteElo "2186"]
[BlackElo "1859"]
[WhiteFideId "4163591"]
[BlackFideId "34147150"]
[EventDate "2016.05.31"]

1. Nf3 Nf6 2. g3 d5 3. Bg2 Bf5 4. c4 c6 5. d4 e6 6. Qb3 Qb6 7. c5 Qa6 8. Bf1
Bxb1 9. Rxb1 Ne4 10. Nd2 Nxd2 11. Bxd2 b6 12. e4 Qb7 13. Bd3 Nd7 14. O-O dxe4
15. Bxe4 Nf6 16. Bg2 b5 17. a4 a6 18. Ra1 Nd5 19. Bxd5 exd5 20. Rfe1+ Be7 21.
Qe3 bxa4 22. Rxa4 Ra7 23. Rb4 Qc8 24. Qg5 Rg8 25. Bf4 Rb7 26. Rxb7 Qxb7 27. Bd6 1-0

[Event "38th Nezhmetdinov Mem"]
[Site "Kazan RUS"]
[Date "2016.06.01"]
[Round "2.37"]
[White "Predke, Alexandr"]
[Black "Shkuro, Alexandr"]
[Result "1-0"]
[WhiteElo "2535"]
[BlackElo "1992"]
[WhiteFideId "24107581"]
[BlackFideId "4174160"]
[EventDate "2016.05.31"]

1. c4 e5 2. Nc3 g6 3. d4 exd4 4. Qxd4 Qf6 5. Qe3+ Qe6 6. Nd5 Na6 7. Qd4 f6 8.
Bf4 c6 9. Nc3 Bc5 10. Qd2 Qxc4 11. Nf3 Qe6 12. e4 b5 13. Bd3 Ne7 14. O-O d6 15.
Bc2 Bb7 16. Bb3 Qd7 17. Ne2 O-O-O 18. a4 b4 19. Ned4 Nc7 20. Bh6 Ng8 21. Be3 Re8
22. Qc2 Bxd4 23. Nxd4 c5 24. Nb5 Bxe4 25. Qd1 Nxb5 26. axb5 Rd8 27. f3 Bb7 28.
Rxa7 Qxb5 29. Bd5 Ne7 30. Rxb7 Qxb7 31. Bxb7+ Kxb7 32. Re1 Rhe8 33. Bxc5 dxc5
34. Rxe7+ Rxe7 35. Qxd8 Rc7 36. Qxf6 1-0

[Event "38th Nezhmetdinov Mem"]
[Site "Kazan RUS"]
[Date "2016.06.01"]
[Round "2.38"]
[White "Novikov, Roman"]
[Black "Gubajdullin, Alexei"]
[Result "0-1"]
[BlackTitle "FM"]
[WhiteElo "1981"]
[BlackElo "2346"]
[WhiteFideId "24198498"]
[BlackFideId "4141202"]
[EventDate "2016.05.31"]

1. e4 d6 2. d4 g6 3. Nc3 Bg7 4. f4 a6 5. Nf3 b5 6. Bd3 Bb7 7. O-O c5 8. dxc5
dxc5 9. e5 c4 10. Be4 Qb6+ 11. Qd4 Qxd4+ 12. Nxd4 Bxe4 13. Nxe4 Nh6 14. c3 Nf5
15. Nxf5 gxf5 16. Ng3 e6 17. a4 b4 18. cxb4 Nc6 19. Bd2 Nd4 20. Bc3 Nc2 21. Rac1
Ne3 22. Rf3 Nd5 23. Rd1 O-O-O 24. a5 Kb7 25. Rd4 Nxc3 26. Rxd8 Ne2+ 27. Nxe2
Rxd8 28. Rc3 Rd2 29. Kf2 Rxb2 30. Rxc4 Bf8 31. Rd4 Kc6 32. Rc4+ Kd5 33. Rd4+ Kc6
34. Rc4+ Kb5 35. Rc7 Bxb4 36. g4 Bxa5 37. Rxf7 Bb6+ 38. Kf1 fxg4 39. Rd7 Rb1+
40. Kg2 Re1 41. Rd2 Kc4 42. Kg3 Be3 43. Ra2 Kd3 44. Rxa6 Kxe2 45. Kxg4 Rg1+ 46.
Kh5 Rg6 47. Rd6 Bxf4 48. Rd7 Rh6+ 49. Kg4 Bxh2 50. Kg5 Rg6+ 51. Kh5 Bf4 52. Rxh7
Rg5+ 53. Kh4 Kf3 0-1